000 05268nas a2200625 i 4500
001 196238
005 20250908234006.0
007 ta
008 240821c19549999sp fr p 0 0b0mul
010 _ac
_b3
016 7 _abiseBNE19940028550
_2SpMaBN
_zRECBI003775
017 _aSS 400-1967
_bOficina Depósito Legal Guipúzcoa
022 0 _a0582-6152
_2_u
035 _a00003775
035 _a(OCoLC)436602095
035 _a(SpMaBN)bise0000176220
037 _bUnibertsitateko Ibilbidea, 5, 01006; tf. 945231552, fax 943148752, c.e.: joseba.lakarra@ehu.es, p. web: www.ehu.es/ojs/index.php/asju
040 _aSpMaBN
_bspa
_cSIC
041 0 _beng
_bbaq
080 _a809.169
210 0 _aAnu. Semin. Filol. Vasca "Julio Urquijo"
222 0 _aAnuario del Seminario de Filología Vasca "Julio de Urquijo"
245 0 0 _aAnuario del Seminario de Filología Vasca "Julio de Urquijo"
246 3 3 _aASJU
260 _aSan Sebastian :
_b[Real Sociedad Vascongada de Amigos del País],
_c[1954]-[1955].
260 2 _aSan Sebastián :
_bDiputación Provincial de Guipuzkoa, Seminario de Filología Vasca "Julio de Urquijo",
_c1967-2002
260 3 _aSan Sebastián :
_bDiputación Foral de Gipuzkoa :
_bUniversidad del País Vasco,
_c2003-
300 _av. ;
_c25 cm
310 _aSemestral
_b1995-
321 _aAnual
_b1954-
336 _aTexto (visual)
_2rdacontent
337 _asin mediación
_2rdamedia
338 _2rdacarrier
_avolumen
362 0 _a[N. 1 (1954)-n. 2 (1955)]; [n.s.], 1 (1967)-
530 _aDisponible también en Internet
546 _aTextos en varias lenguas con resúmenes en inglés y en vasco
550 _aDiputación Foral de Gipuzkoa. Seminario de Filología Vasca "Julio de Urquijo"
588 0 _a[n.s.], 1 (1967)
650 0 _aFilología vasca
_2embne
_9238560
655 7 _9226866
_aRevistas
710 2 _aReal Sociedad Bascongada de los Amigos del País
_96366
710 _aSeminario de Filología Vasca "Julio de Urquijo"
_9238561
710 2 _aUniversidad del País Vasco
_97367
770 1 _tAnejos del Anuario del Seminario de Filologías Vasca "Julio de Urquijo =
_xISSN 1989-7545
776 1 _tAnuario del Seminario de Filología Vasca "Julio de Urquijo" (Internet) =
_xISSN 2444-2992
_0196237
_w196237
852 _aES-MaACL
_cHEM
_jHEM-H-511
_zRevista muerta
_9203985
_hDonación: Editorial
856 4 _uhttps://dialnet.unirioja.es/servlet/revista?codigo=2612
_zSumarios de la revista en Dialnet
866 _o1954,1967-1968,1971-1972,1978-1980
942 _2udc
_n0
_cPERIODICA
955 _b Tatiana Alejandra
980 _aSS 400-1967
_a0582-6152
_aSpMaBN
_bBNALCALA
_jAHS/153741
_cCONSERVACI
_81
_a(v.)
_b(n.)
_u2
_vr
_a2011-2013(2014)2015,2017-2022-
_81.7
_a45
_b1
_81.8
_a45
_b2
_81.9
_a46
_b1
_81.10
_a46
_b2
_81.11
_a47
_b1
_81.12
_a47
_b2
_81.13
_a48
_b1
_81.14
_a49
_b1/2
_81.15
_a50
_b1/2
_81.16
_a51
_b1/2
_81.17
_a52
_b1/2
_81.18
_a53
_b1/2
_81.19
_a54
_b1/2
_81.20
_a56
_b1
_81.21
_a56
_b2
980 _aSS 400-1967
_a0582-6152
_cDonativo
_aUniversidad Autónoma de Madrid. Facultad de Humanidades
_dabr. 2023
_aSpMaBN
_bBNALCALA
_jAHS/101665
_cCONSERVACI
_81
_a(v.)
_82
_a(v.)
_b(n.)
_u2
_vr
_a1967-1973,1977-1980,1985(1986-1987)1988(1989,1995-1996)1997-19 99 (2000-2001,2003)2004-2010
_81.1
_a1
_81.2
_a2
_81.3
_a3
_81.4
_a4
_81.5
_a5
_81.6
_a6
_81.7
_a7
_81.8
_a11
_81.9
_a12/13
_81.10
_a14
_82.1
_a19
_b1
_82.2
_a19
_b2
_82.3
_a20
_b2
_82.4
_a21
_b2
_82.5
_a21
_b3
_82.6
_a22
_b1
_82.7
_a22
_b2
_82.8
_a22
_b3
_82.9
_a23
_b2
_82.10
_a23
_b3
_82.11
_a29
_b2/3
_82.12
_a30
_b1
_82.13
_a31
_b1
_82.14
_a31
_b2
_82.15
_a32
_b1
_82.16
_a32
_b2
_82.17
_a33
_b1
_82.18
_a33
_b2
_82.19
_a34
_b1
_82.20
_a34
_b2
_82.21
_a35
_b2
_82.22
_a37
_b1
_82.23
_a38
_b1
_82.24
_a38
_b2
_82.25
_a39
_b1
_82.26
_a39
_b2
_82.27
_a40
_b1/2
_82.28
_a41
_b1
_82.29
_a41
_b2
_82.30
_a42
_b1
_82.31
_a42
_b2
_82.32
_a43
_b1/2
_82.33
_a44
_b1
_82.34
_a44
_b2
980 _aSS 400-1967
_a0582-6152
_aEncuadernación holandesa; hierros dorados en el lomo
_adonativo de la Biblioteca general del Gobierno vasco
_djun. 2022
_aSpMaBN
_bBNMADRID
_jD/8087
_cSALA_SPR
_81
_a(v.)
_82
_a(v.)
_b(n.)
_u2
_vr
_a1967-1983(1984-1985)1986-1990,1992-1994(1995)1996-2001(2002)20 03 -2008,2013(2014)2015,2017-2022-
_aAnejos: 44 (2002), 48 (2003)
_81.1
_a1
_81.2
_a2
_81.3
_a3
_81.4
_a4
_81.5
_a5
_81.6
_a6
_81.7
_a7
_81.8
_a8
_81.9
_a9
_81.10
_a10
_81.11
_a11
_81.12
_a12/13
_81.13
_a14
_81.14
_a15
_81.15
_a16
_81.16
_a17
_82.1
_a18
_b1
_82.2
_a18
_b2
_82.3
_a19
_b1
_82.4
_a19
_b2
_82.5
_a20
_b1
_82.6
_a20
_b2
_82.7
_a20
_b3
_82.8
_a21
_b1
_82.9
_a21
_b2
_82.10
_a21
_b3
_82.11
_a22
_b1
_82.12
_a22
_b2
_82.13
_a22
_b3
_82.14
_a23
_b1
_82.15
_a23
_b2
_82.16
_a23
_b3
_82.17
_a24
_b1
_82.18
_a24
_b2
_82.19
_a24
_b3
_82.20
_a26
_b1
_82.21
_a26
_b2
_82.22
_a26
_b3
_82.23
_a27
_b1
_82.24
_a27
_b2
_82.25
_a27
_b3
_82.25
_a28
_b1
_82.26
_a28
_b2
_82.26
_a28
_b3
_82.27
_a29
_b1
_82.28
_a29
_b2/3
_82.29
_a30
_b1
_82.30
_a30
_b2
_82.31
_a31
_b1
_82.32
_a31
_b2
_82.33
_a32
_b1
_82.34
_a32
_b2
_82.35
_a33
_b1
_82.36
_a33
_b2
_82.37
_a34
_b1
_82.38
_a34
_b2
_82.40
_a35
_b1
_82.41
_a35
_b2
_82.42
_a36
_b2
_82.43
_a37
_b1
_82.44
_a37
_b2
_82.45
_a38
_b1
_82.46
_a38
_b2
_82.47
_a39
_b1
_82.48
_a39
_b2
_82.49
_a40
_b1/2
_82.50
_a41
_b1
_82.51
_a41
_b2
_82.52
_a42
_b1
_82.53
_a42
_b2
_82.54
_a43
_b1/2
_82.55
_a44
_b1
_82.56
_a44
_b2
_82.57
_a45
_b1
_82.58
_a45
_b2
_82.59
_a46
_b1
_82.60
_a46
_b2
_82.61
_a47
_b1
_82.62
_a47
_b2
_82.63
_a48
_b1
_82.64
_a49
_b1/2
_82.65
_a50
_b1/2
_82.66
_b1/2
_82.67
_a52
_b1/2
_82.68
_a53
_b1/2
_82.69
_a54
_b1/2
_82.70
_a56
_b1
_82.71
_a56
_b2
999 _c196238
_d196238